000 01541 a2200217 4500
001 54617
005 20260407155820.0
008 260407a1989 arg spa d
003 AR-UNSa-BCEJYS
040 _aAR-UNSa-BCEJYS
_bspa
_cAR-UNSa-BCEJYS
080 _a329.12
_xCorriente liberal
245 1 0 _aLiberalismo y Estructuralismo
_pen la Argentina contemporanea
020 _a950-9109-25-8
250 _a2a. ed.
264 1 _aBuenos Aires :
_bTesis
_c1989
300 _a370 p.
_c22,5 cm.
505 _a1. Introducción a la investigación y contenido de la misma - Parte I: Análisis empírico - 2. Evolución de la economía argentina en el período 1946-81 - Parte II: Análisis conceptual - 3. Antecedentes de filosofía económica del modelo liberal argentino contemporáneo - 4. Filosofía económica del modelo liberal argentino contemporáneo - 5. Antecedentes de filosofía económica de los modelos estructuralistas argentinos contemporáneos - 6. Filosofía económica de los modelos estructuralistas argentinos contemporáneos - Parte III: Análisis pragmático - 7. Funcionamiento de la estructura económica argentina contemporánea - 8. Funcionamiento teórico de los modelos de política económica en la Argentina contemporánea - 9. Aproximación empírica al funcionamiento de los modelos de política económica en la Argentina contemporánea - 10. Hacia un modelo viable de política económica en la Argentina actual
942 _cBK
590 _aniveau_biblio:m niveau_hierar:0
100 1 _aFerrucci, Ricardo Jorge
999 _c5691
_d5691